Les 100 joueurs les mieux valorisés de Ligue 1 - Statistiques

Statistiques générales
  • Ce quiz a été pris 102 fois
  • Le résultat moyen est 48 sur 100
Statistiques - réponses
Nationalité Joueur Club % Correct
Marocain Achraf Hakimi Paris Saint-Germain
99%
Français Ousmane Dembélé Paris Saint-Germain
97%
Portugais Nuno Mendes Paris Saint-Germain
96%
Argentin Valentín Barco RC Strasbourg
95%
Français Désiré Doué Paris Saint-Germain
93%
Portugais João Neves Paris Saint-Germain
93%
Portugais Vitinha Paris Saint-Germain
93%
Équatorien Willian Pacho Paris Saint-Germain
93%
Ivoirien Guéla Doué RC Strasbourg
92%
Anglais Mason Greenwood Olympique de Marseille
92%
Espagnol Fabián Ruiz Paris Saint-Germain
84%
Français Lucas Chevalier Paris Saint-Germain
84%
Brésilien Marquinhos Paris Saint-Germain
83%
Français Bradley Barcola Paris Saint-Germain
81%
Portugais Gonçalo Ramos Paris Saint-Germain
79%
Français Warren Zaïre-Emery Paris Saint-Germain
77%
Géorgien Khvicha Kvaratskhelia Paris Saint-Germain
76%
Russe Matvey Safonov Paris Saint-Germain
73%
Coréen Kang-In Lee Paris Saint-Germain
72%
Français Maghnes Akliouche AS Monaco
72%
Algérien Amine Gouiri Olympique de Marseille
71%
Français Senny Mayulu Paris Saint-Germain
71%
Ukrainien Ilya Zabarnyi Paris Saint-Germain
69%
Français Lucas Hernández Paris Saint-Germain
68%
Belge Malick Fofana Olympique Lyonnais
68%
Néerlandais Emmanuel Emegha RC Strasbourg
65%
Brésilien Endrick Olympique Lyonnais
65%
Brésilien Igor Paixão Olympique de Marseille
65%
Sénégalais Ibrahim Mbaye Paris Saint-Germain
64%
Argentin Leonardo Balerdi Olympique de Marseille
64%
Etatsunien Folarin Balogun AS Monaco
63%
Argentin Joaquín Panichelli RC Strasbourg
59%
Danois Mika Biereth AS Monaco
59%
Brésilien Lucas Beraldo Paris Saint-Germain
57%
Russe Aleksandr Golovin AS Monaco
56%
Etatsunien Timothy Weah Olympique de Marseille
56%
Français Benjamin Pavard Olympique de Marseille
55%
Anglais Ethan Nwaneri Olympique de Marseille
53%
Marocain Nayef Aguerd Olympique de Marseille
52%
Suisse Denis Zakaria AS Monaco
51%
Français Ayyoub Bouaddi LOSC Lille
49%
Belge Arthur Vermeeren Olympique de Marseille
48%
Sénégalais Moussa Niakhaté Olympique Lyonnais
48%
Français Jérémy Jacquet Stade Rennais
47%
Français Matthis Abline FC Nantes
47%
Néerlandais Quinten Timber Olympique de Marseille
47%
Belge Diego Moreira RC Strasbourg
45%
Sénégalais Lamine Camara AS Monaco
45%
Tchèque Pavel Šulc Olympique Lyonnais
45%
Français Corentin Tolisso Olympique Lyonnais
44%
Islandais Hákon Arnar Haraldsson LOSC Lille
44%
Français Mahdi Camara Stade Rennais
44%
Anglais Tyler Morton Olympique Lyonnais
44%
Brésilien Vanderson AS Monaco
44%
Français Estéban Lepaul Stade Rennais
43%
Argentin Facundo Medina Olympique de Marseille
40%
Paraguayen Julio Enciso RC Strasbourg
40%
Espagnol Matías Fernández-Pardo LOSC Lille
40%
Danois Pierre-Emile Højbjerg Olympique de Marseille
40%
Japonais Takumi Minamino AS Monaco
40%
Etatsunien Tanner Tessmann Olympique Lyonnais
40%
Allemand Thilo Kehrer AS Monaco
40%
Brésilien Caio Henrique AS Monaco
37%
Ivoirien Hamed Junior Traorè Olympique de Marseille
36%
Français Yann Gboho Toulouse FC
36%
Suisse Breel Embolo Stade Rennais
35%
Ghanéen Ernest Nuamah Olympique Lyonnais
35%
Français Ludovic Blas Stade Rennais
35%
Suédois Sebastian Nanasi RC Strasbourg
33%
Anglais Charlie Cresswell Toulouse FC
32%
Marocain Hamza Igamane LOSC Lille
31%
Algérien Ilan Kebbal Paris FC
31%
Belge Mike Penders RC Strasbourg
31%
Autrichien Samson Baidoo RC Lens
31%
Français Guillaume Restes Toulouse FC
29%
Français Quentin Merlin Stade Rennais
29%
Malien Mamadou Sangaré RC Lens
28%
Anglais Ainsley Maitland-Niles Olympique Lyonnais
27%
Brésilien Alexsandro LOSC Lille
25%
Anglais CJ Egan-Riley Olympique de Marseille
25%
Algérien Hicham Boudaoui OGC Nice
24%
Portugais Tiago Santos LOSC Lille
24%
Zimbabwéen Marshall Munetsi Paris FC
23%
Ivoirien Simon Adingra AS Monaco
21%
Français Elye Wahi OGC Nice
19%
RD Congolais Ngal'Ayel Mukau LOSC Lille
19%
Français Ismaël Doukouré RC Strasbourg
17%
Néerlandais Jordan Teze AS Monaco
17%
Anglais Ben Chilwell RC Strasbourg
16%
Turc Berke Özer LOSC Lille
16%
Français Tylel Tati FC Nantes
15%
Portugais Félix Correia LOSC Lille
12%
Polonais Sebastian Szymański Stade Rennais
12%
Français Christian Mawissa AS Monaco
11%
Français Djaoui Cissé Stade Rennais
11%
Danois Lucas Høgsberg RC Strasbourg
11%
Français Mohamed-Ali Cho OGC Nice
11%
Belge Wout Faes AS Monaco
9%
Italien Diego Coppola Paris FC
8%
Argentin Aarón Anselmino RC Strasbourg
7%
Aucun quiz correspondant
Distribution des résultats
% des personnes avec chaque résultat
Percentile par nombre de réponses
Votre historique - résultats
Vous n’avez pas pris ce quiz